00430nam a2200145Ia 4500008004100000020001800041082001400059100002400073245001900097260000900116500000900125942000700134952012800141999001500269260604s9999 xx 000 0 und d a9780552779739 a823.92ZUS aMarkus zusak935919 0aThe Book Thief bRHUK aBook cBK 00104070aIIMVbIIMVcGENERALd2026-06-04g699.00l0o823.92ZUSp004377r2026-06-04 10:21:31v699.00w2026-06-04yBKBZUS c8759d8759